000 00480nmm a2200157Ia 4500
008 251105s9999||||xx |||||||||||||||||und||
020 _a9789562847896
041 _aspa
100 _aBenítez, Hermes
245 0 _aEnsayos sobre ciencia y religión. De Giordano Bruno a Charles Darwin
264 _a[Santiago de Chile, Chile] :
_bRil editores,
_c2011
300 _a268 páginas
650 _aSciences
856 _uhttps://public.digitaliapublishing.com/a/18520
942 _cCF
999 _c94506
_d94506